2025 Ncaa College Football Rankings - Statistics

General Stats
  • This quiz has been taken 165 times
  • The average score is 20 of 25
Answer Stats
Hint Answer % Correct
8(Sec) last year record (9-4) Alabama
98%
5(Sec) last year record (11-3) Georgia
98%
1(Sec) last year record (13-3) Texas
97%
7(Big 10) last year record (13-1) Oregon
95%
3(Big 10) last year record (14-2) Ohio State
93%
6(independent) last year record (14-2) Notre Dame
92%
14(Big 10) last year record (8-5) Michigan
90%
15(Sec) last year record (8-5) Florida
87%
21(Sec) last year record (10-3) Ole Miss
87%
4(Acc) last year record (10-4) Clemson
85%
18(Sec) last year record (6-7) Oklahoma
85%
2(Big 10) last year record (13-3) Penn State
85%
20(Big 10) last year record (11-2) Indiana
83%
10(Acc) last year record (10-3) Miami
83%
9(Sec) last year record (9-4) LSU
81%
25(Mountain West) last year record (12-2) Boise State
77%
19(Sec) last year record (8-5) Texas A&M
77%
24(Sec) last year record (10-3) Tennessee
76%
13(Sec) last year record (9-4) South Carolina
75%
12(Big 10) last year record (10-3) Illinois
69%
11(Big 12) last year record (11-3) Arizona State
65%
23(Big 12) last year record (8-5) Texas Tech
65%
22(Big 12) last year record (11-3) Iowa State
64%
17(Big 12) last year record (9-4) Kansas State
64%
16(Acc) last year record (11-3) SMU
63%
No matching quizzes found
Score Distribution
Percent of People with Each Score
Percentile by Number Answered
Your Score History
You have not taken this quiz